000 00314nam a22001337a 4500
008 180906b xxu||||| |||| 00| 0 eng d
020 _a9780763725952
041 _aeng
080 _25 Ed
_a616
100 _a3
101 _aSHM
245 _aThe economics Health And Medical Cere
_cJacobs,P
942 _2udc
_cBK
999 _c47589
_d47589